[Event "ARM-ch"]
[Site "Yerevan"]
[Date "1999.10.26"]
[Round "11"]
[White "Minasian, Artashes"]
[Black "Nadanian, Ashot"]
[Result "1-0"]
[WhiteElo "2600"]
[BlackElo "2410"]

1.Nf3 d5 2.g3 c5 3.Bg2 Nc6 4.O-O Nf6 5.d3 Bg4 6.h3 Bxf3 7.Bxf3 e6 8.Bg2 Be7
9.c4 O-O 10.Nc3 Qd7 11.Bg5 d4 12.Na4 Rab8 13.a3 a6 14.Rc1 b6 15.Re1 Rfc8
16.Bd2 h6 17.b3 Bf8 18.Qc2 Bd6 19.Rb1 b5 20.cxb5 axb5 21.Nxc5 Bxc5 22.Qxc5 Ne7
23.Qb4 e5 24.e4 Rc2 25.Rec1 Nc6 26.Rxc2 Nxb4 27.Bxb4 Rc8 28.Rbc1 Rxc2 29.Rxc2 Qe6
30.Rc5 Qxb3 31.Bf1 Qe6 32.Rxb5 Nd7 33.Rd5 Qc6 34.h4 Qa4 35.Be2 Qc2 36.Bf1 Nf6
37.Rxe5 Ng4 38.Rf5 Ne3 39.fxe3 dxe3 40.Bg2 Qxd3 41.Rf1 e2 42.Re1 Qe3+ 43.Kh2 h5
44.Rg1 Qa7 45.e5 Kh8 46.Kh1 Qe3 47.Kh2 Qa7 48.Rc1 Qe3 49.Rb1 Qb6 50.Re1 Qe3
51.Kh3 Qf2 52.Rc1 Qe3 53.Rh1 Qa7 54.Kh2 Kg8 55.Rc1 Qe3 56.Rc8+ Kh7 57.Be1 Qd3
58.Rb8 Qd1 59.Be4+ g6 60.Rb1 Qa4 61.Bb4 Qd1 62.e6 fxe6 63.Bc3 e5 64.Be1 Qd4
65.Rb4 Qd1 66.Rb7+ Kh8 67.Rb1 Kg7 68.Kg2 Qd4 69.Rb4 Qd1 70.Kf2 Qd6 71.a4 Qa6
72.Bf3 Qa7+ 73.Kg2 Qe3 74.Re4 Qa3 75.a5 Qa2 76.Rxe2 Qa1 77.Bb7 Qd1 78.Re4 Qb1
79.a6 Qb2+ 80.Bf2 Qb5 81.Re1 Qb2 82.Be4  1-0

[Event "Arco op"]
[Site "Arco"]
[Date "1999.10.28"]
[Round "6"]
[White "Lieb, Harald"]
[Black "Tatai, Stefano"]
[Result "1/2-1/2"]
[WhiteElo "2254"]
[BlackElo "2357"]

1.Nf3 d5 2.g3 c5 3.Bg2 Nc6 4.d4 Nf6 5.O-O Bg4 6.Ne5 cxd4 7.Nxg4 Nxg4 8.e3 Nf6
9.exd4 e6 10.c3 Bd6 11.Bg5 h6 12.Bxf6 Qxf6 13.Nd2 O-O 14.Qe2 Rab8 15.a4 Rfc8
16.Qd3 g6 17.f4 Qf5 18.Qxf5 gxf5 19.Rfc1 Rc7 20.Bf1 Rbc8 21.Nb3 Kg7 22.Be2 Ne7
23.Kf2 Ng8 24.Nd2 Nf6 25.h3 h5 26.Ke3 Kf8 27.Rg1 Ke7 28.Nf3 Rh8 29.Ne5 Rcc8
30.Rg2 Rcg8 31.Rag1 Ne4 32.Nd3 h4 33.g4 Ng3 34.Ne1 f6 35.Nd3 Rg7 36.Bf3 a5
37.Kf2 Rgh7 38.gxf5 Nxf5 39.Re1 Kf7 40.Bg4 Ng7 41.Reg1 Rc8 42.Ke3 b6 43.Kd2 Re8
44.Re2 Re7 45.Rf1 Rh6 46.Rg2 Rg6 47.Rfg1 Kf8 48.Re1 f5 49.Bf3 Rxg2+ 50.Bxg2 Nh5
51.Ke3 Rg7 52.Bf3 Rg3 53.Rh1 Nf6 54.Nc1 Rg7 55.Ne2 Be7 56.Rg1 Ne8 57.Rxg7 Kxg7
58.b3 Nd6 59.Kd3 Ne4 60.Ke3 Ba3 61.Bg2 Kf6 62.Kd3 Ke7 63.Kc2 Bd6 64.Kd3 Kd7
65.Ke3 Kc6 66.c4 Bb4 67.Kd3 Kd6 68.Ke3 Be1 69.Kd3 Bb4 70.Ke3 Nd2 71.cxd5 Nxb3
72.dxe6 Kxe6 73.Kd3 Nd2 74.d5+ Kf6 75.Nd4 Nb1 76.Nb5 Na3 77.Nxa3 Bxa3  1/2-1/2

[Event "Wch U18"]
[Site "Oropesa del Mar"]
[Date "1999.10.28"]
[Round "5"]
[White "Ibrahimov, Rasul"]
[Black "Kujovic, Michal"]
[Result "1/2-1/2"]
[WhiteElo "2396"]
[BlackElo "2291"]

1.Nf3 d5 2.g3 Nf6 3.Bg2 c6 4.c4 dxc4 5.Na3 g6 6.Nxc4 Bg7 7.O-O O-O 8.d3 Na6
9.Rb1 Nd5 10.Bd2 Be6 11.a3 Nb6 12.Na5 Bc8 13.Qc2 Qd6 14.b4 Rd8 15.Rfd1 Nc7
16.a4 Ne6 17.b5 c5 18.Rbc1 a6 19.Nc4 Nxc4 20.dxc4 Qc7 21.e3 axb5 22.axb5 Ra3
23.Be1 b6 24.Nd2 Bb7 25.Nb1 Raa8 26.Nc3 Bxg2 27.Kxg2 Qb7+ 28.Qe4 Qxe4+ 29.Nxe4 Rxd1
30.Rxd1 Ra4 31.Rc1 f5 32.Nd2 Nd8 33.Kf1 Nf7 34.Rc2 Nd6 35.Ke2 e5 36.f3 Bh6
37.g4 Ra3 38.Nf1 Ra4 39.Nd2 Ra3 40.Nf1 e4 41.fxe4 Nxe4 42.gxf5 gxf5 43.Bh4 Nc3+
44.Kd2 Ne4+ 45.Ke2 Nc3+ 46.Kd2 Ne4+  1/2-1/2

[Event "Wch U16 Girls"]
[Site "Oropesa del Mar"]
[Date "1999.10.28"]
[Round "5"]
[White "Calotescu, Cristina"]
[Black "Chmielinska, Alicja"]
[Result "1-0"]
[WhiteElo "2176"]
[BlackElo "2020"]

1.Nf3 d5 2.g3 c5 3.Bg2 Nc6 4.d4 e6 5.O-O Nf6 6.b3 Be7 7.Bb2 O-O 8.Nbd2 Ne4
9.Nxe4 dxe4 10.Ne5 Nxd4 11.e3 Nf5 12.Bxe4 Nd6 13.Bg2 Bf6 14.Qg4 Bxe5 15.Bxe5 f6
16.Bxd6 Qxd6 17.Rfd1 Qe7 18.Qc4 Rb8 19.Qb5 b6 20.Rd2 a6 21.Qa4 b5 22.Qa5 Bb7
23.Bxb7 Rxb7 24.Qxa6 Rd7 25.Rad1 Rxd2 26.Rxd2 Rd8 27.Rxd8+ Qxd8 28.Qxe6+ Kf8
29.Qf5 Qd1+ 30.Kg2 Qd6 31.Qxh7 Qd5+ 32.e4 Qd2 33.Qh8+ Kf7 34.Qh5+  1-0

[Event "Arco op"]
[Site "Arco"]
[Date "1999.10.29"]
[Round "7"]
[White "Drasko, Milan"]
[Black "Ortega, Lexy"]
[Result "1-0"]
[WhiteElo "2509"]
[BlackElo "2499"]

1.Nf3 d5 2.g3 c6 3.Bg2 Nf6 4.O-O Bf5 5.b3 e6 6.Bb2 h6 7.d3 Be7 8.Nbd2 O-O
9.c4 a5 10.a3 Nbd7 11.Qc2 Qb8 12.Nd4 Bh7 13.cxd5 Nxd5 14.Bh3 Nc7 15.Nc4 Rd8
16.Nf3 f6 17.Bc3 a4 18.bxa4 Nc5 19.Bb4 Nxd3 20.exd3 c5 21.Ba5 Bxd3 22.Bxc7 Qxc7
23.Qb3 Qc6 24.Rfe1 Qxf3 25.Re3 Bxc4 26.Bxe6+ Kf8 27.Bxc4 Qc6 28.Rae1 Bd6
29.Qb1 Qxa4 30.Be6 Be5 31.Rxe5 fxe5 32.Qf5+ Ke7 33.Qxe5 Qa6 34.Bd5+ Kd7 35.Qe7+  1-0

[Event "Arco op"]
[Site "Arco"]
[Date "1999.10.30"]
[Round "8"]
[White "Slobodjan, Roman"]
[Black "Drasko, Milan"]
[Result "0-1"]
[WhiteElo "2550"]
[BlackElo "2509"]

1.Nf3 d5 2.g3 c6 3.b3 Bf5 4.Bb2 e6 5.Bg2 Nf6 6.O-O Be7 7.d3 h6 8.Nbd2 O-O
9.Re1 a5 10.a3 Bh7 11.e4 Na6 12.Ne5 Nc7 13.c4 Re8 14.Qe2 Ra6 15.Rad1 d4 16.f4 c5
17.a4 Rb6 18.Bh3 Nd7 19.Nxd7 Qxd7 20.e5 Bf5 21.Bg2 f6 22.exf6 Bxf6 23.Ba3 e5
24.Bxc5 exf4 25.Ne4 Rxb3 26.Qh5 Bxe4 27.Bxe4 Re5 28.Bh7+ Kxh7 29.Rxe5 Bxe5
30.Qxe5 Ne6 31.Qf5+ Kg8 32.Re1 Nxc5 33.Qxc5 fxg3 34.hxg3 Rxd3 35.Kg2 Qg4
36.Qe5 Qf3+ 37.Kh3 Re3 38.Rxe3 dxe3 39.Qxa5 e2 40.Qd5+ Qxd5  0-1

[Event "Wch U18"]
[Site "Oropesa del Mar"]
[Date "1999.11.02"]
[Round "9"]
[White "Stryjecki, Marek"]
[Black "Kundin, Alexander"]
[Result "0-1"]
[WhiteElo "2448"]
[BlackElo "2403"]

1.Nf3 d5 2.g3 Nf6 3.Bg2 Bf5 4.O-O e6 5.c4 c6 6.d3 Be7 7.Be3 Nbd7 8.cxd5 Nxd5
9.Bd2 Bg6 10.Nc3 O-O 11.a3 a5 12.Qc2 Qb6 13.Na4 Qa6 14.e4 N5b6 15.Nxb6 Qxb6
16.Be3 Qa6 17.h3 Rfd8 18.Rad1 c5 19.Nd2 Ne5 20.Nc4 Nc6 21.f4 f6 22.a4 Rd7
23.Rd2 Rad8 24.Rfd1 Bh5 25.g4 Bf7 26.Kh1 e5 27.fxe5 Nxe5 28.Nxe5 fxe5 29.Qc3 Bd6
30.Rc2 b6 31.Rf2 Bc7 32.Bf1 Qb7 33.Be2 Qc6 34.Rdf1 Be6 35.Bd1 h6 36.Bc2 Kh7
37.Rf8 Rxf8 38.Rxf8 Qd6 39.Rf3 Bd8 40.Kg2 Bg8 41.Bc1 Qe6 42.Be3 Bf6 43.Bf2 Bg5
44.Bg3 Rd4 45.Bf2 Rb4 46.Bg3 Bf4 47.Bxf4 exf4 48.Rxf4 Qa2 49.Rf2 Qxb2 50.Qxb2 Rxb2
51.Kf3 b5 52.axb5 Rxb5 53.Ke3 Rb2 54.e5 g6 55.d4 cxd4+ 56.Kxd4 Kg7 57.Kc3 Rb5
58.Re2 Be6 59.Bd3 Rb3+ 60.Kd4 a4 61.Rc2 a3 62.Rc7+ Kf8 63.Ra7 a2 64.Bxg6  0-1

[Event "Chigorin mem"]
[Site "St Petersburg"]
[Date "1999.11.03"]
[Round "2"]
[White "Karasev, Vladimir I"]
[Black "Sirotkina, Nina"]
[Result "1/2-1/2"]
[WhiteElo "2373"]
[BlackElo "2260"]

1.Nf3 d5 2.g3 c6 3.Bg2 Bg4 4.O-O Nf6 5.h3 Bxf3 6.Bxf3 e5 7.d3 Bd6 8.e4 dxe4
9.dxe4 O-O 10.a4 a5 11.Na3 Qe7 12.Nc4 Bc7 13.Bg2 Rd8 14.Qf3 Ne8 15.Qb3 Na6
16.Be3 Qe6 17.Rfd1 Nd6 18.Bf1 Nb4 19.c3 Na6 20.f3 h6 21.Qa2 Ne8 22.b3 Qe7
23.Qf2 Rxd1 24.Rxd1 Rd8 25.Rxd8 Qxd8 26.f4 exf4 27.gxf4 Nb8 28.e5 Nd7 29.Bg2 Qe7
30.Bd4 f6 31.Qe3 fxe5 32.Nxe5 Nxe5 33.fxe5 Qe6 34.b4 axb4 35.cxb4 Bd8 36.b5 cxb5
37.axb5 b6 38.Bc6 Qg6+ 39.Kh2 Qc2+ 40.Kg3 Qg6+ 41.Kh2 Qc2+ 42.Qf2 Qxf2+ 43.Bxf2 Kf8
44.Kg3 Bc7 45.Kf4 g6 46.Ke4 Ng7 47.Kd5 Ke7 48.Be3 g5 49.Bd2 Ne6 50.Ke4 Nc5+
51.Kf5 Kf7 52.Bd5+ Ke7 53.Bc3 Nd3 54.e6 Bd6 55.Bf6+ Kf8 56.Bd8 Nf4 57.Bc6 Bc5
58.h4 Nh5 59.hxg5 hxg5 60.Kxg5 Ng7 61.Bf6 Nxe6+ 62.Kf5 Nd4+ 63.Ke5 Kf7 64.Bd8 Ne6
65.Bh4 Nc7 66.Bd7 Nxb5  1/2-1/2

[Event "Wch U16 Girls"]
[Site "Oropesa del Mar"]
[Date "1999.11.04"]
[Round "10"]
[White "Calotescu, Cristina"]
[Black "Khukhashvili, Sopio"]
[Result "1/2-1/2"]
[WhiteElo "2176"]
[BlackElo "2206"]

1.Nf3 d5 2.g3 e6 3.Bg2 Nf6 4.O-O Be7 5.b3 O-O 6.Bb2 b6 7.c4 Bb7 8.d3 c5 9.Nbd2 Nc6
10.Ne5 Nxe5 11.Bxe5 Nd7 12.Bb2 Bf6 13.Qc2 Bxb2 14.Qxb2 Nf6 15.Rac1 Qe7 16.cxd5 Nxd5
17.Rc4 Rab8 18.Rfc1 Rfc8 19.Qe5 a5 20.Rh4 Nf6 21.Ne4 Nxe4 22.Bxe4 Bxe4 23.Qxe4 g6
24.Qe5 f6 25.Qe3 f5 26.Rhc4 Rc7 27.Qe5 Rbc8 28.d4 Kf7 29.h4 h6 30.Qf4 g5
31.hxg5 hxg5 32.Qe5 Qf6 33.Qd6 Rc6 34.Qd7+ Qe7 35.Qxe7+ Kxe7 36.Kg2 Kd6 37.dxc5+ Rxc5
38.Rd4+ Ke7 39.Rcd1 Rc2 40.R1d2 Rxd2 41.Rxd2 Rc3 42.e3 g4 43.Kf1 Kf6 44.Rd6 b5
45.Ra6 a4 46.bxa4 b4 47.Rb6 Ra3 48.Rxb4 Rxa2 49.e4 fxe4 50.Rxe4 Kf5 51.Rf4+ Kg5
52.Ke1 e5 53.Re4 Kf5 54.Rc4 Ra1+ 55.Ke2 Ra2+ 56.Ke3 Ra3+ 57.Ke2 Ra2+ 58.Kf1 Ra1+
59.Kg2 Ra2 60.Rb4 Ra3  1/2-1/2

[Event "Chigorin mem"]
[Site "St Petersburg"]
[Date "1999.11.04"]
[Round "3"]
[White "Kochyev, Alexander"]
[Black "Kovaljov, Denis"]
[Result "1/2-1/2"]
[WhiteElo "2441"]
[BlackElo "2270"]

1.Nf3 d5 2.g3 c6 3.Bg2 Bg4 4.O-O Nf6 5.c4 e6 6.cxd5 exd5 7.d3 Be7 8.h3 Bxf3
9.Bxf3 Nbd7 10.Nc3 O-O 11.Bg2 Re8 12.e4 dxe4 13.dxe4 Bb4 14.Qc2 Nc5 15.Rd1 Qe7
16.f3 Ba5 17.Ne2 Bb6 18.Kh2 h5 19.Kh1 Rad8 20.Be3 Ne6 21.Bxb6 axb6 22.f4 Qc5
23.Qxc5  1/2-1/2

[Event "Wch U18"]
[Site "Oropesa del Mar"]
[Date "1999.11.05"]
[Round "11"]
[White "Stryjecki, Marek"]
[Black "Ibrahimov, Rasul"]
[Result "0-1"]
[WhiteElo "2448"]
[BlackElo "2396"]

1.g3 d5 2.Nf3 Nf6 3.Bg2 c6 4.O-O Bf5 5.d3 e6 6.c4 h6 7.Be3 dxc4 8.dxc4 Qxd1
9.Rxd1 Nbd7 10.Nc3 Bc5 11.Nd4 Bg6 12.Na4 Be7 13.Rac1 Rc8 14.a3 Ng4 15.Bd2 Nc5
16.Nxc5 Bxc5 17.Bb4 Be7 18.Nb3 Bxb4 19.axb4 Ke7 20.Na5 Rc7 21.b5 Rhc8 22.c5 Nf6
23.b6 axb6 24.cxb6 Rd7 25.Rxd7+ Nxd7 26.Nxb7 c5 27.Rc4 Bb1 28.Bf3 Ba2 29.Ra4 Bd5
30.Ra7 Bxf3 31.exf3 Rc6 32.Kf1 Ke8 33.Ra6 Ke7 34.f4 c4 35.Ra7 Rxb6 36.Nc5 Rd6
37.Ke2 Rd5 38.Na4 Kf6 39.Rc7 Rd4 40.Ke3 Rd3+ 41.Ke2 Rd4 42.Nc3 e5 43.Rc6+ Ke7
44.Nb5 Rd5 45.Nc3 Rd4 46.f5 Nb8 47.Rc8 Nd7 48.Nb5 Rd5 49.Na3 Nb6 50.Rc7+ Rd7
51.Rc5 Na4 52.Rxe5+ Kf6 53.Rb5 c3 54.Ra5 Rd2+ 55.Kf3 Nxb2 56.Ra6+ Kxf5 57.Rc6 Nd1
58.g4+ Ke5 59.Kg3 f6 60.f3  0-1

[Event "Wch U16 Girls"]
[Site "Oropesa del Mar"]
[Date "1999.11.05"]
[Round "11"]
[White "Ubiennykh, Ekaterina"]
[Black "Khukhashvili, Sopio"]
[Result "1-0"]
[WhiteElo "2212"]
[BlackElo "2206"]

1.Nf3 d5 2.g3 Nf6 3.Bg2 e6 4.O-O Be7 5.d3 O-O 6.Nbd2 c5 7.e4 b6 8.e5 Nfd7
9.Re1 Bb7 10.Nf1 Nc6 11.h4 Re8 12.N1h2 b5 13.Bf4 Nb6 14.Ng5 h6 15.Nh3 Bf8
16.Qg4 f5 17.Qg6 Qd7 18.Qh5 Nb4 19.Qe2 d4 20.Bxb7 Qxb7 21.g4 fxg4 22.Nxg4 Qf7
23.Kh1 h5 24.Nf6+ gxf6 25.Rg1+ Kh8 26.exf6 Nd7 27.Ng5 Qg6 28.Ne4 Qf5 29.Rg5 Qh3+
30.Bh2 Bh6 31.Qxh5  1-0

[Event "Chigorin mem"]
[Site "St Petersburg"]
[Date "1999.11.05"]
[Round "4"]
[White "Loginov, Valery A"]
[Black "Yashtylov, Anatolij"]
[Result "0-1"]
[WhiteElo "2530"]
[BlackElo "2318"]

1.Nf3 d5 2.g3 Nf6 3.Bg2 c6 4.O-O Bg4 5.c4 e6 6.d3 Nbd7 7.cxd5 exd5 8.Qc2 Be7
9.Nc3 O-O 10.e4 dxe4 11.dxe4 Qa5 12.h3 Bxf3 13.Bxf3 Ne5 14.Bg2 Rad8 15.a3 Qa6
16.Bf4 Nd3 17.Be3 Bc5 18.Bg5 Bd4 19.Rad1 Nc5 20.Ne2 Ne6 21.Bc1 Qb5 22.Kh1 Qh5
23.f4 Bb6 24.f5 Rxd1 25.Qxd1 Nxe4 26.g4 Qh4 27.fxe6 Nf2+ 28.Rxf2 Bxf2 29.Qd7 Bc5
30.Bd2 Qf6 31.exf7+ Rxf7 32.Qe8+ Rf8 33.Qe4 Qxb2 34.Qc4+ Rf7 35.Qxc5 Qxd2
36.Ng3 a6 37.Nf5 g6 38.Ne7+ Kg7 39.Qe5+ Kf8 40.Nc8 Qc1+ 41.Kh2 Qf4+ 42.Qxf4 Rxf4
43.Nd6 b5 44.Ne4 Ke7 45.Kg3 Rf8 46.Bf3 Rc8 47.Kf4 c5 48.Ke3 b4 49.axb4 cxb4
50.Bd1 a5 51.h4 Rc1 52.Kd2 Ra1 53.Nc5 Kd6 54.Na4 Ra2+ 55.Kd3 Ke5 56.h5 g5
57.Nb6 Ra1 58.Kd2 h6 59.Nd7+ Kf4 60.Nf6 a4 61.Nd5+ Kg3 62.Nxb4 Rxd1+ 63.Kxd1 Kxg4
64.Nc2 Kxh5 65.Ke2 Kh4 66.Kf2 Kh3 67.Kg1 g4 68.Na3 Kg3 69.Nc4 h5 70.Na3 h4
71.Nc4 h3 72.Na3 h2+ 73.Kh1 Kh3 74.Nc4 g3 75.Ne3 a3 76.Ng2 a2 77.Ne1 g2+  0-1

[Event "Chigorin mem"]
[Site "St Petersburg"]
[Date "1999.11.05"]
[Round "4"]
[White "Shvedov, Sergey"]
[Black "Tunik, Gennady"]
[Result "1/2-1/2"]
[WhiteElo "2340"]
[BlackElo "2447"]

1.g3 d5 2.Nf3 g6 3.Bg2 Bg7 4.d4 Nf6 5.c4 c6 6.cxd5 cxd5 7.O-O O-O 8.Ne5 e6
9.Nc3 Nfd7 10.f4 Nc6 11.Be3 f6 12.Nf3 Nb6 13.Bf2 f5 14.b3 Bd7 15.Rc1 Re8
16.Qd3 h6 17.Ne5 Qe7 18.Rfd1 g5 19.e3 a6 20.Be1 Rac8 21.Bf3 g4 22.Bg2 Bf6
23.Qb1 Qh7 24.a3 Be7 25.Qb2 Bd6 26.Bf1 Qe7 27.Nb1 Qg7 28.Rc2 Na7 29.Rxc8 Nbxc8
30.a4 Ne7 31.Nd3 Bc6 32.Bb4 Nac8 33.Bxd6 Nxd6 34.Ne5 Rc8 35.Rc1 Qf8 36.Qa3 Qd8
37.Nd2 Be8 38.Rxc8 Nexc8 39.Qc5 a5 40.Bd3 Kg7 41.Be2 Qb6 42.Nd3 Qxc5 43.Nxc5 Kf6
44.h3 h5 45.h4 Ke7 46.Kf2 Na7 47.Ke1 Nc6 48.Kd1 Nb4 49.Kc1 b6 50.Nd3 Nxd3+
51.Bxd3 b5 52.Bc2 bxa4 53.bxa4 Nc8 54.Kb2 Nb6 55.Ka3 Kd6 56.Bb3 Bc6 57.Bc2 Kc7
58.Bb3 Bb7 59.Bc2 Ba6 60.Kb2 Be2 61.Kc3 Ba6 62.Kb2 Bb7 63.Bb3 Bc6 64.Ka3  1/2-1/2

[Event "Bundesliga 9900"]
[Site "Germany"]
[Date "1999.11.06"]
[Round "3"]
[White "Vaganian, Rafael A"]
[Black "Bosch, Jeroen"]
[Result "1-0"]
[WhiteElo "2617"]
[BlackElo "2433"]

1.Nf3 d5 2.g3 Nf6 3.Bg2 c5 4.O-O e6 5.d3 Be7 6.Nbd2 b6 7.e4 Bb7 8.Qe2 O-O
9.e5 Ne8 10.Re1 Nc7 11.h4 Nd7 12.Nf1 a5 13.N1h2 a4 14.a3 b5 15.Ng5 b4 16.Qh5 h6
17.Ng4 hxg5 18.hxg5 g6 19.Qh4 Ne8 20.Bf3 f5 21.exf6 Nexf6 22.gxf6 Bxf6 23.Nxf6+ Qxf6
24.Qxf6 Rxf6 25.Bg4 Nf8 26.axb4 cxb4 27.Bd2 b3 28.cxb3 axb3 29.Rxa8 Bxa8
30.Ra1 Bc6 31.Ra6 Bb5 32.Ra8 Bxd3 33.Bg5  1-0

[Event "Bundesliga 9900"]
[Site "Germany"]
[Date "1999.11.06"]
[Round "3"]
[White "Slobodjan, Roman"]
[Black "Rustemov, Alexander"]
[Result "1/2-1/2"]
[WhiteElo "2550"]
[BlackElo "2573"]

1.Nf3 d5 2.g3 Nf6 3.Bg2 c6 4.O-O Bg4 5.b3 e6 6.Bb2 Nbd7 7.d3 a5 8.a3 Bc5
9.Nbd2 O-O 10.e4 e5 11.h3 Bxf3 12.Qxf3 Re8 13.Rfe1 d4 14.Qe2 Qc7 15.Nf3 Bf8
16.Qd2 Nc5 17.h4 g6 18.Bh3 Rad8 19.Qd1 Bh6 20.Ng5 Kg7 21.Rf1 Ng8 22.Nf3 Nf6
23.Ng5 Ng8 24.Nf3 Kh8 25.h5 Nf6 26.hxg6 hxg6 27.Kg2 Kg7 28.Rh1 Rh8 29.Rh2 Rh7
30.Qe2 Rdh8 31.Rah1 Qe7 32.c3 Nxb3 33.cxd4 Nxd4 34.Nxd4 exd4 35.Bxd4 Kg8
36.Qe1 c5 37.Bxf6 Qxf6 38.Qxa5 Bf8 39.Qd2 Qd4 40.Qc2 b5 41.Rb1 c4 42.dxc4 Qxc4
43.Qxc4 bxc4 44.Rc1 g5 45.f3 g4 46.fxg4 Bxa3 47.Rxc4 Kg7 48.g5 Rd8 49.Rc2 Bb4
50.g6 fxg6 51.Rc7+ Kh8 52.Bd7 Bd6 53.Ra7 Rxh2+ 54.Kxh2 Kg7 55.Bh3+  1/2-1/2

[Event "Chigorin mem"]
[Site "St Petersburg"]
[Date "1999.11.06"]
[Round "5"]
[White "Kovaljov, Denis"]
[Black "Yagupov, Igor"]
[Result "0-1"]
[WhiteElo "2270"]
[BlackElo "2449"]

1.Nf3 d5 2.g3 Bg4 3.Bg2 Nd7 4.O-O Ngf6 5.d3 e5 6.c3 c6 7.Qc2 Be7 8.Nbd2 O-O
9.e4 dxe4 10.dxe4 a5 11.Re1 Qc7 12.Nc4 Rfd8 13.Ne3 Bh5 14.Nf5 Bf8 15.h3 Ne8
16.g4 Bg6 17.N3h4 Nc5 18.Be3 Rd7 19.Bf3 Rad8 20.Red1 Nd3 21.Be2 Nf4 22.Bf1 Nf6
23.f3 Ne6 24.Bc4 Nf4 25.Bf1 Rxd1 26.Rxd1 Rxd1 27.Qxd1 Nd7 28.Kh2 Bc5 29.Qd2 Bxe3
30.Qxe3 b5 31.Qd2 Bxf5 32.Nxf5 g6 33.Ne3 Nc5 34.Kg3 h5 35.g5 h4+ 36.Kxh4 Qe7
37.Ng4 Nh5 38.Qh2 Nd7 39.Nh6+ Kg7 40.Nf5+ gxf5 41.Kxh5 Qe6 42.Qe2 f4 43.Qd3 Qg6+
44.Kh4 Nf6 45.gxf6+ Kh6  0-1

[Event "Chigorin mem"]
[Site "St Petersburg"]
[Date "1999.11.07"]
[Round "6"]
[White "Loginov, Valery A"]
[Black "Nikanorov, Andrej"]
[Result "1/2-1/2"]
[WhiteElo "2530"]
[BlackElo "2340"]

1.Nf3 d5 2.g3 Bg4 3.Bg2 Nd7 4.c4 e6 5.cxd5 exd5 6.O-O c6 7.d3 Bd6 8.e4 Ne7
9.h3 Bxf3 10.Qxf3 O-O 11.Nc3 d4 12.Nb1 f5 13.exf5 Nxf5 14.Qd1 Nc5 15.Nd2 a5
16.Ne4 Be7 17.Bd2 Kh8 18.Qc2 Nxe4 19.Bxe4 Qd7 20.Bg2 a4 21.Rae1 Bd6 22.Re4 b5
23.Rfe1 Rac8 24.b3 axb3 25.Qxb3 c5 26.Qe6 Qc7 27.Rb1 Rb8 28.h4 c4 29.dxc4 Qxc4
30.Rc1 Qd3 31.Be1 Qa3 32.Rc6 Rbd8 33.h5 Bb4 34.g4 Nh4 35.h6 Ng6 36.hxg7+ Kxg7
37.Rc7+ Kh8 38.Rf7 Rxf7 39.Qxf7 Rf8 40.Qd5 Bxe1 41.Qxd4+ Kg8 42.Rxe1 Nf4
43.Bd5+ Nxd5 44.Qxd5+ Kh8 45.Qe5+ Kg8 46.Qg5+ Kh8 47.Re7 Qb2 48.Qe3 Qb1+
49.Kg2 Qg6 50.f3 Rc8 51.Qe5+ Kg8 52.Qd5+ Kh8 53.Qe5+ Kg8 54.Qxb5 h5 55.Qd5+ Kf8
56.Re5 Qc2+ 57.Kg3 Qc7 58.f4 h4+ 59.Kxh4 Qh7+ 60.Rh5 Qe7+ 61.g5 Qe1+ 62.Kg4 Qg1+
63.Kf5 Rc5 64.Rh8+ Ke7 65.Rh7+ Ke8 66.Rh8+ Ke7 67.Rh7+ Ke8 68.Rh8+ Ke7  1/2-1/2

[Event "ch-NED (women) qualifier"]
[Site "Rotterdam NED"]
[Date "1999.11.08"]
[Round "1.4"]
[White "Sazonova,E"]
[Black "Goris,T"]
[Result "1-0"]
[WhiteElo "2128"]
[BlackElo "2057"]

1.Nf3 d5 2.g3 c5 3.d3 Nc6 4.Bg2 e6 5.O-O Be7 6.Nbd2 Nf6 7.e4 dxe4 8.dxe4 O-O
9.e5 Nd7 10.Qe2 Qc7 11.Re1 Nb6 12.b3 a6 13.Bb2 Nd7 14.a4 b6 15.Rad1 Bb7 16.Nc4 Nb4
17.Rxd7 Qxd7 18.Nxb6 Qc6 19.Nxa8 Bxa8 20.Rd1 Qc7 21.c3 Nd5 22.Qxa6 Bb7 23.Qe2 Ra8
24.Nd2 Rb8 25.c4 Nb4 26.Bxb7 Qxb7 27.Ne4 Nc6 28.Rd3 Qc7 29.Nd6 Nb4 30.Nb5 Qb7
31.Rd2 Qc6 32.Qd1 Qe4 33.Rd7 Bf8 34.Nd6 Qg6 35.Nb5 h6 36.Bc3 Nc6 37.Rc7 Rd8
38.Nd6 Nb4 39.Rxc5 Nd3 40.Rc6 Bxd6 41.Rxd6 Rxd6 42.exd6 Qf5 43.Bd4 Kf8 44.Qd2 Ke8
45.b4 e5 46.Be3 e4 47.c5 Qf6  1-0

[Event "Monarch Assurance 8th"]
[Site "Port Erin"]
[Date "1999.11.09"]
[Round "4"]
[White "Hickman, John"]
[Black "Gill, Neville"]
[Result "1-0"]
[WhiteElo "2125"]
[BlackElo "2040"]

1.Nf3 d5 2.g3 c6 3.Bg2 Bf5 4.O-O e6 5.d3 Nf6 6.Nbd2 Be7 7.Qe1 Na6 8.e4 dxe4
9.dxe4 Bg6 10.a3 Nc5 11.Ne5 Nfd7 12.Nxg6 hxg6 13.Nc4 Qc7 14.Qe2 O-O 15.f4 b5
16.Ne3 a5 17.f5 gxf5 18.exf5 Rae8 19.Qf3 Ne5 20.Qh5 Ncd7 21.fxe6 fxe6 22.Bd2 Rxf1+
23.Rxf1 Rf8 24.Rxf8+ Nxf8 25.Ng4 Nxg4 26.Qxg4 Bf6 27.c3 Qd6 28.Qe2 e5 29.Be4 Qe6
30.Qg2 Qb3 31.Be1 Qd1 32.Qd2 Qxd2 33.Bxd2 c5 34.Bd5+ Kh7 35.Bc6 Kg6 36.Bxb5 Kf5
37.Kf2 Ke4 38.Ke2 Bd8 39.Bc6+ Kf5 40.Be3 Bb6 41.b4 axb4 42.cxb4 Ne6  1-0

[Event "Monarch Assurance 8th"]
[Site "Port Erin"]
[Date "1999.11.09"]
[Round "4"]
[White "Paschall, William M"]
[Black "Puuska, Heini"]
[Result "1-0"]
[WhiteElo "2332"]
[BlackElo "2035"]

1.g3 d5 2.Nf3 Bf5 3.c4 c6 4.Qb3 Qb6 5.Nc3 Qxb3 6.axb3 e6 7.d3 h6 8.Nd4 Bh7
9.cxd5 exd5 10.e4 dxe4 11.dxe4 Bb4 12.Bg2 Nd7 13.O-O Ne7 14.Be3 O-O 15.Nc2 Bxc3
16.bxc3 Nf6 17.f3 Nfd5 18.Bd4 Rfc8 19.c4 c5 20.cxd5 cxd4 21.Nxd4 Rc3 22.Nb5 Rxb3
23.Rxa7 Rxa7 24.Nxa7 Kf8 25.d6 Nc6 26.Rc1 Nd8 27.Rc8 Ke8 28.Rc7 Rd3 29.Nb5 Bg6
30.Bh3 Ne6 31.Bxe6 fxe6 32.Rxg7 Bf7 33.Kf2 Kf8 34.Ke2 Rb3 35.d7 Ke7 36.Nd6  1-0

[Event "World Seniors"]
[Site "Gladenbach GER"]
[Date "1999.11.11"]
[Round "4"]
[White "Baumgartner,H"]
[Black "Shestoperov,A"]
[Result "1-0"]
[WhiteElo "2278"]
[BlackElo "2417"]

1.Nf3 d5 2.g3 Bg4 3.Bg2 Nd7 4.c4 e6 5.cxd5 exd5 6.O-O c6 7.d3 Bd6 8.Nc3 Ne7
9.h3 Bh5 10.Qc2 O-O 11.e4 Rc8 12.Ne2 c5 13.Bf4 Bxf4 14.Nxf4 Bxf3 15.Bxf3 Ne5
16.Bg2 d4 17.Rad1 b5 18.b3 Qd6 19.Qe2 Rfd8 20.Qh5 g6 21.Qh6 c4 22.bxc4 bxc4
23.dxc4 Rxc4 24.Nd5 Nxd5 25.exd5 Qf6 26.f4 Nd7 27.Qg5 Kg7 28.Rd2 Nc5 29.Qe5 Rd7
30.Re1 d3 31.h4 h5 32.Red1 Re7 33.Qxf6+ Kxf6 34.Bf1 Rd4 35.Bxd3 Re3 36.Bf1 Rxd2
37.Rxd2 Ne4 38.Rd4 Nxg3 39.d6 Re8 40.d7 Rd8 41.Bb5 Nf5 42.Re4 Ne7 43.Kf2 a6
44.Ba4 Rb8 45.Kf3 Rd8 46.Re5 Nf5 47.Re8 Nd4+ 48.Ke4 Ne6 49.Kd5 Nc7+ 50.Kc5 a5
51.Kb6 Ne6 52.Kxa5 Kf5 53.Kb6 Kxf4 54.Rxd8 Nxd8 55.Bb3  1-0

[Event "71st ch-GER"]
[Site "Altenkirchen GER"]
[Date "1999.11.12"]
[Round "1"]
[White "Dettmann,G"]
[Black "Mueller,Matt"]
[Result "0-1"]
[WhiteElo "2184"]
[BlackElo "2403"]

1.Nf3 d5 2.g3 Nf6 3.Bg2 c5 4.O-O Nc6 5.c4 d4 6.d3 e5 7.a3 a5 8.e3 Be7 9.exd4 exd4
10.Bf4 O-O 11.Qc2 Nh5 12.Bc1 Bf5 13.Nbd2 Qd7 14.Re1 Nf6 15.Ne5 Nxe5 16.Rxe5 Bd6
17.Re1 Rfe8 18.Nf3 Rxe1+ 19.Nxe1 Re8 20.Bg5 Qe7 21.Qd2 Qe2 22.Bf1 Qxd2 23.Bxd2 a4
24.Nf3 Bg4 25.Kg2 Rb8 26.Re1 b5 27.Ne5 Bxe5 28.Rxe5 Nd7 29.Re1 bxc4 30.Bf4 Rc8
31.dxc4 Be6 32.Rc1 f6 33.h4 Kf7 34.Kf3 Ne5+ 35.Ke4 Ng4 36.Kf3 Rc6 37.Bd3 Rb6
38.Bxh7 Rxb2 39.Rc2 Rb3+ 40.Kg2 Ne5 41.Re2 Bxc4 42.Rc2 Bd3 43.Bxd3 Nxd3 44.Bd2 Rb2
45.Rxb2 Nxb2 46.Kf3 c4 47.Ke4 c3 48.Be1 Nc4 49.Kd3 Nxa3 50.f4 Nb5 51.Kc4 a3
52.Kb3 c2  0-1

[Event "ch-ESP (team) Div 2"]
[Site "Cala Galdana ESP"]
[Date "1999.11.13"]
[Round "6"]
[White "Vives Cabau,J"]
[Black "Acebal Muniz,A"]
[Result "1/2-1/2"]
[WhiteElo "2130"]
[BlackElo "2289"]

1.Nf3 d5 2.g3 c5 3.Bg2 Nc6 4.O-O e5 5.d3 Nf6 6.Nbd2 Be7 7.e4 O-O 8.h3 dxe4
9.dxe4 Qc7 10.c3 Be6 11.b3 Rad8 12.Re1 c4 13.Qc2 cxb3 14.axb3 Nb4 15.Qb1 Nd3
16.Re3 Qxc3 17.Ba3 Bxa3 18.Rxa3 Qc5 19.Qa1 Nxf2 20.b4 Qxb4 21.Kxf2 Rxd2+
22.Nxd2 Qxd2+ 23.Kg1 Rc8 24.Kh2 Rc2 25.Qg1 Bc4 26.Rxa7 g6 27.Ra1 Be2 28.Qf2 Qd4
29.Re1 Nxe4 30.Bxe4 Bd3 31.Qxc2 Bxc2 32.Bxc2 f5 33.R1e2 e4 34.h4 Kg7 35.Bxe4 fxe4
36.Rxe4 Qd3 37.Re7+ Kh6 38.Rb2 b5 39.Rb7 g5 40.Rb6+ Kh5 41.R6xb5 h6 42.Rb6 Qf1
43.R6b5 Kg4 44.R2b4+ Kh5 45.Rb2 Qd3 46.Rb6 Qd7 47.R6b5 Qe6 48.Rb6 Qh3+ 49.Kxh3 g4+  1/2-1/2

[Event "SLO-chT"]
[Site "Bled"]
[Date "1999.11.14"]
[Round "7"]
[White "Mikac, Matjaz"]
[Black "Zupe, Miran"]
[Result "1/2-1/2"]
[WhiteElo "2422"]
[BlackElo "2385"]

1.Nf3 d5 2.g3 c6 3.Bg2 Bf5 4.O-O e6 5.d3 Nf6 6.Nbd2 h6 7.b3 Be7 8.Bb2 O-O
9.c4 Bh7 10.a3 a5 11.Qc2 Nbd7 12.Bc3 Qc7 13.Qb2  1/2-1/2

[Event "71st ch-GER"]
[Site "Altenkirchen GER"]
[Date "1999.11.16"]
[Round "5"]
[White "Krause,U"]
[Black "Mueller,Matt"]
[Result "1/2-1/2"]
[WhiteElo "2263"]
[BlackElo "2403"]

1.Nf3 d5 2.g3 Nf6 3.Bg2 c5 4.O-O Nc6 5.d4 e6 6.c4 dxc4 7.Ne5 Nxe5 8.dxe5 Nd5
9.Na3 Bd7 10.Nxc4 Bc6 11.f4 Nb4 12.a3 Bxg2 13.Kxg2 Nc6 14.e4 Be7 15.Nd6+ Bxd6
16.exd6 Nd4 17.e5 Qd7 18.Be3 Qc6+ 19.Kg1 Nf5 20.Qf3 Qxf3 21.Rxf3 Nxe3 22.Rxe3 Kd7
23.Rc1 Rhc8 24.Rec3 b6 25.b4 Rc6 26.a4 f6 27.a5 h5 28.axb6 axb6 29.bxc5 fxe5
30.fxe5 Rac8 31.Ra1 Rxc5 32.Ra7+ Kc6 33.Rxc5+ bxc5 34.Rxg7 Kd5 35.Rg5 c4
36.Kf2 c3 37.d7 Rd8 38.Ke2 Rxd7 39.Kd3 Rc7 40.Kc2 h4 41.gxh4 Rc4 42.h5 Rh4
43.Kxc3 Rxh2 44.Kd3 Rh3+ 45.Ke2 Ke4 46.Rg4+ Kxe5 47.Ra4 Kf5 48.h6 Rxh6 49.Ra3 Rh2+
50.Ke1 e5 51.Rb3 Kf4 52.Ra3 Rb2 53.Ra4+ e4 54.Ra3 Rc2 55.Rb3 Ke5 56.Ra3 Kd4
57.Rh3 Rc3 58.Rxc3 Kxc3 59.Ke2 Kd4 60.Kd2 e3+ 61.Ke2 Ke4 62.Ke1 Kd3 63.Kd1 e2+
64.Ke1 Ke3  1/2-1/2